Pays ayant reçu le plus d'Oscars du meilleur film international - Statistiques

Statistiques générales
  • Ce quiz a été pris 13 459 fois
  • Le résultat moyen est 9 sur 15
Statistiques - réponses
# Exemple Pays % Correct
12 La Nuit américaine France
99%
14 La vie est belle Italie
91%
4 Tout sur ma mère Espagne
90%
3 La Vie des autres Allemagne
86%
5 La Porte de l'enfer Japon
76%
3 Fanny et Alexandre Suède
62%
2 La Diagonale du fou Suisse
58%
3 L'Assaut Pays-Bas
51%
2 Amour Autriche
47%
4 Pelle le Conquérant Danemark
47%
2 L'Histoire officielle Argentine
46%
2 Le Fils de Saul Hongrie
33%
3 Guerre et Paix Union Soviétique
30%
2 Une séparation Iran
28%
2 Le Miroir aux alouettes Tchécoslovaquie
10%
Aucun quiz correspondant
Distribution des résultats
% des personnes avec chaque résultat
Percentile par nombre de réponses
Votre historique - résultats
Vous n’avez pas pris ce quiz